[Event "Steyr Landesliga 2122"]
[Site "Austria"]
[Date "2021.10.16"]
[Round "1.6"]
[White "Gutmann, Alois"]
[Black "Wieser, Andreas"]
[Result "0-1"]
[WhiteElo "2021"]
[BlackElo "2050"]
[PlyCount "90"]
[EventDate "2021.10.16"]
[EventType "team-tourn"]
[EventRounds "11"]
[EventCountry "AUT"]
[SourceTitle "EXT 2023"]
[Source "ChessBase"]
[SourceDate "2022.10.05"]
[SourceVersion "1"]
[SourceVersionDate "2022.10.05"]
[SourceQuality "1"]
[WhiteTeam "Feldbach Kirchberg"]
[BlackTeam "Graz Styria"]
[WhiteTeamCountry "AUT"]
[BlackTeamCountry "AUT"]

1. Nc3 d5 2. e4 c6 3. Qf3 e5 4. exd5 Nf6 5. d6 Bxd6 6. Bc4 Qe7 7. h3 e4 8. Qe2 b5 9. Bb3 b4 10. Nd1 0-0 11. d4 c5 12. dxc5 Bxc5 13. Bf4 Nc6 14. c3 a5 15. Bc4 Re8 16. Ne3 Be6 17. Bb5 Qb7 18. h4 Rad8 19. Nh3 Bxe3 20. Bxe3 Bg4 21. Ba6 Qe7 22. Qb5 Ne5 23. Nf4 bxc3 24. bxc3 Qa3 25. 0-0 Qxc3 26. Bb6 Rb8 27. Bxa5 Qa3 28. Bb7 Rxb7 29. Qxb7 Qxa5 30. Rac1 Qxa2 31. Rc7 h6 32. Re7 Rxe7 33. Qxe7 Be6 34. Qb4 Nd3 35. Qb8+ Kh7 36. Nxe6 Qxe6 37. Qb5 Qd5 38. Qxd5 Nxd5 39. g4 Kg6 40. Kh2 h5 41. Rg1 Nxf2 42. gxh5+ Kh6 43. Rg5 Nf6 44. Kg3 Nd3 45. Rf5 Nxh5+ 0-1

[Event "Steyr Landesliga 1920"]
[Site "Austria"]
[Date "2020.03.07"]
[Round "9.6"]
[White "Gutmann, Alois"]
[Black "Bratko, Alexander"]
[Result "0-1"]
[WhiteElo "2025"]
[BlackElo "1888"]
[PlyCount "108"]
[EventDate "2019.09.28"]
[EventType "team-tourn"]
[EventRounds "11"]
[EventCountry "AUT"]
[SourceTitle "CBM 195 Extra"]
[Source "ChessBase"]
[SourceDate "2020.05.31"]
[SourceVersion "1"]
[SourceVersionDate "2020.05.31"]
[SourceQuality "1"]
[WhiteTeam "Feldbach Kirchberg"]
[BlackTeam "Baernbach"]
[WhiteTeamCountry "AUT"]
[BlackTeamCountry "AUT"]

1. Nc3 Nf6 2. f4 d5 3. d3 d4 4. Ne4 Nxe4 5. dxe4 e5 6. e3 Bb4+ 7. Bd2 Bc5 8. Qh5 Nc6 9. Bb5 Qe7 10. exd4 Bxd4 11. Nf3 Bxb2 12. Rb1 g6 13. Qh6 Bd4 14. fxe5 Bxe5 15. 0-0 Bd7 16. Nxe5 Qxe5 17. Bg5 Rf8 18. Bf6 Qc5+ 19. Kh1 Ne5 20. Bxd7+ Nxd7 21. Bg7 Rg8 22. Qxh7 0-0-0 23. Rxf7 Ne5 24. Qh3+ Kb8 25. Qb3 b6 26. Bxe5 Qxe5 27. Rd7 Qxe4 28. Rbd1 Rxd7 29. Qxg8+ Kb7 30. Rg1 Qxc2 31. h3 a5 32. Qe6 Rd6 33. Qf7 Qf5 34. Qc4 b5 35. Qe2 a4 36. g4 Qd3 37. Qg2+ Qd5 38. h4 Kb6 39. h5 gxh5 40. Qxd5 Rxd5 41. g5 b4 42. g6 Rd8 43. Kg2 c5 44. Kf3 b3 45. axb3 axb3 46. g7 Rg8 47. Ke4 Kb5 48. Kd5 Kb4 49. Rg6 b2 50. Rg1 c4 51. Ke6 c3 52. Kf7 Rxg7+ 53. Kxg7 c2 54. Rg4+ hxg4 0-1

[Event "Steyr Landesliga 1920"]
[Site "Austria"]
[Date "2019.10.05"]
[Round "2.4"]
[White "Gutmann, Alois"]
[Black "Schieder, Josef"]
[Result "0-1"]
[WhiteElo "2025"]
[BlackElo "2008"]
[PlyCount "90"]
[EventDate "2019.09.28"]
[EventType "team-tourn"]
[EventRounds "11"]
[EventCountry "AUT"]
[SourceTitle "CBM 193 Extra"]
[Source "ChessBase"]
[SourceDate "2020.01.31"]
[SourceVersion "1"]
[SourceVersionDate "2020.01.31"]
[SourceQuality "1"]
[WhiteTeam "Feldbach Kirchberg"]
[BlackTeam "Pinggau Friedberg"]
[WhiteTeamCountry "AUT"]
[BlackTeamCountry "AUT"]

1. Nc3 d5 2. e4 d4 3. Nce2 c5 4. Nf3 Nc6 5. Ng3 h5 6. h4 Nf6 7. Ng5 Bg4 8. Be2 d3 9. Bxg4 hxg4 10. Nf5 g6 11. Ne3 Bh6 12. 0-0 Bxg5 13. hxg5 Qc7 14. e5 Nxe5 15. f4 gxf3 16. gxf6 fxg2 17. Nxg2 0-0-0 18. b3 dxc2 19. Qe2 Nd3 20. Ne3 exf6 21. Ba3 Rh5 22. Rf3 Ne5 23. Rxf6 Qe7 24. Raf1 Rdh8 25. Nd5 Rg5+ 26. Kf2 Rh2+ 27. Ke1 Rxe2+ 28. Kxe2 Qd7 29. Nf4 Qe7 30. Nd5 Qd7 31. Nf4 Qb5+ 32. d3 Rg3 33. Rd6 g5 34. Rd5 Nd7 35. Nh5 Rg2+ 36. Kf3 Rh2 37. Nf6 Qc6 38. Kg3 Qc7+ 39. Kg4 Rg2+ 40. Kf5 Nxf6 41. Rxc5 Qxc5+ 42. Bxc5 Nd7 43. Be7 Rf2+ 44. Rxf2 c1Q 45. Bxg5 Qc5+ 0-1

[Event "HUN-chT2 Szechenyi 1819"]
[Site "Hungary"]
[Date "2019.03.10"]
[Round "7.5"]
[White "Gutmann, Alois"]
[Black "Domonkos, Andras"]
[Result "0-1"]
[WhiteElo "2055"]
[BlackElo "1947"]
[PlyCount "80"]
[EventDate "2018.10.28"]
[EventType "team-tourn"]
[EventRounds "9"]
[EventCountry "HUN"]
[SourceTitle "EXT 2021"]
[Source "ChessBase"]
[SourceDate "2020.10.23"]
[SourceVersion "1"]
[SourceVersionDate "2020.10.23"]
[SourceQuality "1"]
[WhiteTeam "Haladas Szombathely III"]
[BlackTeam "Veszprem Ezust Huszar"]
[WhiteTeamCountry "HUN"]
[BlackTeamCountry "HUN"]

1. Nc3 Nf6 2. f4 d5 3. d3 c5 4. Nf3 d4 5. Ne4 Nxe4 6. dxe4 Nc6 7. g3 Bg4 8. Bg2 Qd7 9. h3 Bxf3 10. Bxf3 e5 11. f5 0-0-0 12. f6 Qd6 13. fxg7 Bxg7 14. Bg5 Bf6 15. Bxf6 Qxf6 16. Qd3 h5 17. 0-0-0 Kb8 18. Kb1 Qe6 19. g4 h4 20. g5 c4 21. Qa3 Qe7 22. Qxe7 Nxe7 23. c3 Ng6 24. cxd4 exd4 25. Bg4 Ne5 26. Bf5 Rhg8 27. Rhg1 Rd6 28. Rg2 Rgd8 29. Rf2 a5 30. Rf4 Rb6 31. Rxh4 c3 32. b3 a4 33. Kc2 axb3+ 34. axb3 Ra6 35. b4 Ra2+ 36. Kb3 Rb2+ 37. Ka4 Nc6 38. Rh6 Kc7 39. Kb5 Rxb4+ 40. Kc5 b6# 0-1

[Event "AUT-ch"]
[Site "Vienna"]
[Date "2018.07.26"]
[Round "6"]
[White "Pruell, Lukas"]
[Black "Gutmann, Alois"]
[Result "0-1"]
[WhiteElo "1974"]
[BlackElo "2062"]
[PlyCount "110"]
[EventDate "2018.07.22"]
[EventType "swiss"]
[EventRounds "9"]
[EventCountry "AUT"]
[SourceTitle "CBM 185 Extra"]
[Source "ChessBase"]
[SourceDate "2018.07.29"]
[SourceVersion "1"]
[SourceVersionDate "2018.07.29"]
[SourceQuality "1"]

1. e4 e6 2. d4 d5 3. Nc3 Nf6 4. Bg5 Bb4 5. e5 h6 6. Be3 Ne4 7. Nge2 c5 8. dxc5 Nc6 9. a3 Bxc3+ 10. Nxc3 Nxc3 11. bxc3 Qc7 12. f4 Bd7 13. Bd3 Ne7 14. Qe2 Nf5 15. Bxf5 exf5 16. Bd4 0-0 17. 0-0 Rae8 18. Qf2 Re6 19. Rab1 Ra6 20. Rb3 Ba4 21. Rb4 Bc6 22. Rb3 Qe7 23. Re1 Ba4 24. Rbb1 Rc8 25. Re3 Rcc6 26. Rg3 Rg6 27. Rxg6 Rxg6 28. Re1 Qd8 29. Qe2 Qh4 30. Rf1 a6 31. g3 Bb5 32. Qg2 Bxf1 33. Kxf1 Qg4 34. Qxd5 Qd1+ 35. Kg2 Qxc2+ 36. Bf2 Qe4+ 37. Qxe4 fxe4 38. Be3 h5 39. f5 Rc6 40. h3 b6 41. cxb6 Rxc3 42. Bd4 Rxa3 43. e6 fxe6 44. fxe6 Rb3 45. g4 hxg4 46. hxg4 Kf8 47. Bc5+ Ke8 48. Kf2 a5 49. Ke2 a4 50. Kd2 g6 51. g5 Rb5 52. Bd4 a3 53. Ke3 a2 54. Bf6 Rxb6 55. Kxe4 Rxe6+ 0-1

[Event "AUT-ch"]
[Site "Vienna"]
[Date "2018.07.24"]
[Round "4"]
[White "Toelly, Michael"]
[Black "Gutmann, Alois"]
[Result "1-0"]
[WhiteElo "2127"]
[BlackElo "2062"]
[PlyCount "59"]
[EventDate "2018.07.22"]
[EventType "swiss"]
[EventRounds "9"]
[EventCountry "AUT"]
[SourceTitle "CBM 185 Extra"]
[Source "ChessBase"]
[SourceDate "2018.07.29"]
[SourceVersion "1"]
[SourceVersionDate "2018.07.29"]
[SourceQuality "1"]

1. c4 f5 2. d4 Nf6 3. g3 g6 4. Bg2 Bg7 5. Nf3 d6 6. Nc3 0-0 7. 0-0 Qe8 8. d5 e5 9. dxe6 Bxe6 10. Nd4 Bc8 11. Bf4 Na6 12. Ndb5 Kh8 13. c5 g5 14. Bxg5 dxc5 15. Qd2 Ne4 16. Nxe4 Qxb5 17. Be7 fxe4 18. Bxf8 Bxf8 19. Qd8 Kg7 20. Qg5+ Kf7 21. Bxe4 Be6 22. Bxh7 Ke8 23. Rad1 Bd6 24. Qg7 Rb8 25. e4 Bf7 26. Rfe1 c4 27. e5 Bf8 28. Qg4 Nb4 29. e6 Bh5 30. Bg6+ 1-0

[Event "HUN-chT2 Szechenyi 1718"]
[Site "Hungary"]
[Date "2018.05.06"]
[Round "9"]
[White "Juhasz, Judit"]
[Black "Gutmann, Alois"]
[Result "0-1"]
[WhiteElo "1920"]
[BlackElo "2072"]
[PlyCount "104"]
[EventDate "2017.10.29"]
[EventType "team-tourn"]
[EventRounds "9"]
[EventCountry "HUN"]
[SourceTitle "EXT 2021"]
[Source "ChessBase"]
[SourceDate "2020.10.23"]
[SourceVersion "1"]
[SourceVersionDate "2020.10.23"]
[SourceQuality "1"]
[WhiteTeam "Tapolca VSE II"]
[BlackTeam "Haladas Szombathely III"]
[WhiteTeamCountry "HUN"]
[BlackTeamCountry "HUN"]

1. e4 c5 2. Nf3 a6 3. c4 e6 4. Nc3 b6 5. d4 cxd4 6. Nxd4 Bb7 7. Be3 Bc5 8. Be2 Ne7 9. 0-0 0-0 10. Qd2 Qc7 11. Rfc1 Ng6 12. f3 Nc6 13. Na4 Nf4 14. Bf1 Nxd4 15. Bxd4 e5 16. Bxc5 bxc5 17. Rd1 Ne6 18. b4 cxb4 19. Qxb4 Bc6 20. Nc3 Rfb8 21. Qe7 Qa7+ 22. Kh1 Qf2 23. Rab1 Rb2 24. Qd6 f6 25. Nd5 Nd4 26. Rxb2 Qxb2 27. f4 Qc2 28. Re1 Qf2 29. Qb4 exf4 30. Ne7+ Kh8 31. Qc3 Rb8 32. c5 f3 33. Nxc6 dxc6 34. Qe3 Qxe3 35. Rxe3 Rb1 36. Kg1 fxg2 37. Kxg2 Rb2+ 38. Kg3 Rxa2 39. Bc4 Ra4 40. Bf7 g6 41. Rd3 Kg7 42. Be8 Kf8 43. Bd7 Ke7 44. Bc8 a5 45. h4 Rb4 46. Kf2 a4 47. Kf1 h5 48. Kf2 Ke8 49. e5 fxe5 50. Re3 Kd8 51. Ba6 Nf5 52. Rxe5 a3 0-1

[Event "Steyr Landesliga 1718"]
[Site "Austria"]
[Date "2018.02.03"]
[Round "8.3"]
[White "Watzka, Horst"]
[Black "Gutmann, Alois"]
[Result "1/2-1/2"]
[WhiteElo "2172"]
[BlackElo "2072"]
[PlyCount "45"]
[EventDate "2017.09.30"]
[EventType "team-tourn"]
[EventRounds "11"]
[EventCountry "AUT"]
[SourceTitle "EXT 2019"]
[Source "ChessBase"]
[SourceDate "2018.10.10"]
[SourceVersion "1"]
[SourceVersionDate "2018.10.10"]
[SourceQuality "1"]
[WhiteTeam "Graz Schachgesellschaft"]
[BlackTeam "Feldbach Kirchberg"]
[WhiteTeamCountry "AUT"]
[BlackTeamCountry "AUT"]

1. e4 c5 2. Nf3 a6 3. c4 e6 4. Nc3 b6 5. d4 cxd4 6. Nxd4 Bb7 7. Be3 Bc5 8. Be2 Ne7 9. Nc2 Nbc6 10. 0-0 Qc7 11. Qd2 Ng6 12. Rfd1 Bxe3 13. Nxe3 Nf4 14. Bf1 Ne5 15. Qd6 Rc8 16. Rac1 h5 17. f3 h4 18. Kf2 Bc6 19. Qxc7 Rxc7 20. b3 g5 21. a4 f6 22. Ra1 Kf7 23. Rd2 1/2-1/2

[Event "HUN-chT2 Szechenyi 1718"]
[Site "Hungary"]
[Date "2017.12.17"]
[Round "4.7"]
[White "Korcz, Sandor"]
[Black "Gutmann, Alois"]
[Result "1-0"]
[WhiteElo "1924"]
[BlackElo "2072"]
[PlyCount "67"]
[EventDate "2017.10.29"]
[EventType "team-tourn"]
[EventRounds "9"]
[EventCountry "HUN"]
[SourceTitle "EXT 2021"]
[Source "ChessBase"]
[SourceDate "2020.10.23"]
[SourceVersion "1"]
[SourceVersionDate "2020.10.23"]
[SourceQuality "1"]
[WhiteTeam "Csuti Baki Agrocentrum"]
[BlackTeam "Haladas Szombathely III"]
[WhiteTeamCountry "HUN"]
[BlackTeamCountry "HUN"]

1. e4 c5 2. Nf3 a6 3. d4 cxd4 4. Nxd4 e5 5. Nf3 Nf6 6. Bc4 Qc7 7. Qe2 b5 8. Bb3 Bb4+ 9. c3 Be7 10. Bg5 h6 11. Bxf6 Bxf6 12. 0-0 Nc6 13. Rd1 0-0 14. Nbd2 Rb8 15. Nf1 Na5 16. Bd5 g6 17. Ne3 Bg7 18. Rac1 Nc6 19. Qd2 Kh7 20. b4 Ne7 21. Bb3 f5 22. Nd5 Nxd5 23. Bxd5 d6 24. c4 bxc4 25. Rxc4 Qb6 26. exf5 Bxf5 27. Rh4 Qa7 28. a4 Bc8 29. Ng5+ Kh8 30. Nf7+ Rxf7 31. Rxh6+ Kg8 32. Rxg6 Qe7 33. Qh6 Bb7 34. Qxg7# 1-0

[Event "Steyr Landesliga 1718"]
[Site "Austria"]
[Date "2017.11.11"]
[Round "4.3"]
[White "Bonstingl, Georg"]
[Black "Gutmann, Alois"]
[Result "1-0"]
[WhiteElo "2227"]
[BlackElo "2072"]
[PlyCount "73"]
[EventDate "2017.09.30"]
[EventType "team-tourn"]
[EventRounds "11"]
[EventCountry "AUT"]
[SourceTitle "EXT 2019"]
[Source "ChessBase"]
[SourceDate "2018.10.10"]
[SourceVersion "1"]
[SourceVersionDate "2018.10.10"]
[SourceQuality "1"]
[WhiteTeam "Gamlitz"]
[BlackTeam "Feldbach Kirchberg"]
[WhiteTeamCountry "AUT"]
[BlackTeamCountry "AUT"]

1. Nf3 Nf6 2. g3 c5 3. Bg2 Nc6 4. 0-0 e5 5. d3 Be7 6. e4 0-0 7. Re1 d6 8. c3 Rb8 9. h3 Ne8 10. d4 cxd4 11. cxd4 exd4 12. Nxd4 Nc7 13. Nc3 Bf6 14. Be3 Ne5 15. Qe2 Be6 16. Nxe6 fxe6 17. Bxa7 Ra8 18. Be3 Qd7 19. Rad1 b5 20. f4 b4 21. fxe5 Bxe5 22. Nb1 Rxa2 23. Qg4 Rxb2 24. Nd2 Rc2 25. Bf1 Qf7 26. Bd3 h5 27. Qe2 b3 28. Rf1 Qg6 29. Rxf8+ Kxf8 30. Qf3+ Kg8 31. Bxc2 bxc2 32. Rc1 Bxg3 33. Rxc2 d5 34. Qg2 Kh7 35. Nf1 h4 36. Nxg3 hxg3 37. Rxc7 1-0

[Event "St Veit op 36th"]
[Site "St Veit"]
[Date "2017.07.10"]
[Round "4"]
[White "Hechl, Gerald"]
[Black "Gutmann, Alois"]
[Result "1-0"]
[WhiteElo "2268"]
[BlackElo "2083"]
[PlyCount "73"]
[EventDate "2017.07.08"]
[EventType "swiss"]
[EventRounds "9"]
[EventCountry "AUT"]
[SourceTitle "EXT 2018"]
[Source "ChessBase"]
[SourceDate "2017.10.13"]
[SourceVersion "1"]
[SourceVersionDate "2017.10.13"]
[SourceQuality "1"]

1. g3 e5 2. c4 Nc6 3. Nc3 f5 4. e3 Nf6 5. d4 e4 6. Nge2 d6 7. b4 g6 8. Bg2 Bg7 9. 0-0 Qe7 10. Qa4 0-0 11. b5 Nd8 12. Rb1 Nf7 13. h4 g5 14. hxg5 Nxg5 15. Nf4 Qf7 16. Ncd5 Ng4 17. b6 Bd7 18. Qb3 c6 19. Nc7 Rac8 20. Ba3 Qf6 21. Rfd1 Kh8 22. d5 Nf3+ 23. Kf1 axb6 24. Nce6 Rf7 25. Bb2 Nge5 26. Nh5 Qh6 27. Nexg7 Rxg7 28. Nxg7 Qh2 29. Ne6 Qg1+ 30. Ke2 Qxg2 31. Nf4 Ng1+ 32. Rxg1 Qf3+ 33. Ke1 cxd5 34. Qd1 Kg8 35. Bxe5 dxe5 36. Qxf3 exf3 37. Nxd5 1-0

[Event "HUN-chT2 Szechenyi 1617"]
[Site "Hungary"]
[Date "2017.04.09"]
[Round "11.4"]
[White "Martini, Balazs"]
[Black "Gutmann, Alois"]
[Result "1-0"]
[WhiteElo "2305"]
[BlackElo "2070"]
[PlyCount "47"]
[EventDate "2016.09.25"]
[EventType "team-tourn"]
[EventRounds "11"]
[EventCountry "HUN"]
[SourceTitle "EXT 2021"]
[Source "ChessBase"]
[SourceDate "2020.10.23"]
[SourceVersion "1"]
[SourceVersionDate "2020.10.23"]
[SourceQuality "1"]
[WhiteTeam "Ajka Banyasz"]
[BlackTeam "Haladas Szombathely III"]
[WhiteTeamCountry "HUN"]
[BlackTeamCountry "HUN"]

1. d4 e6 2. Nf3 f5 3. Bf4 Nf6 4. e3 Be7 5. h3 0-0 6. Bd3 Ne4 7. g4 d5 8. c4 c6 9. Nc3 Na6 10. gxf5 exf5 11. cxd5 Qa5 12. Bxe4 fxe4 13. d6 Bxd6 14. Qb3+ Kh8 15. Ng5 Bb4 16. Nf7+ Rxf7 17. Qxf7 Bxc3+ 18. Kf1 Be6 19. Qxe6 Bxb2 20. Rb1 Qh5 21. Rxb2 Qf3 22. Rg1 Rf8 23. Rxg7 Rxf4 24. Rg8# 1-0

[Event "Leitersdorf Region-ch"]
[Site "Leitersdorf"]
[Date "2017.01.08"]
[Round "5.3"]
[White "Toelly, Michael"]
[Black "Gutmann, Alois"]
[Result "1-0"]
[WhiteElo "2177"]
[BlackElo "2055"]
[PlyCount "115"]
[EventDate "2017.01.04"]
[EventType "swiss"]
[EventRounds "5"]
[EventCountry "AUT"]
[SourceTitle "EXT 2024"]
[Source "ChessBase"]
[SourceDate "2023.10.10"]
[SourceVersion "1"]
[SourceVersionDate "2023.10.10"]
[SourceQuality "1"]

1. e4 d6 2. d4 Nf6 3. Nc3 e5 4. Nf3 Nbd7 5. Bc4 Be7 6. Ng5 0-0 7. Bxf7+ Rxf7 8. Ne6 Qe8 9. Nxc7 Qd8 10. Nxa8 b6 11. d5 Ba6 12. Be3 Qxa8 13. g4 Nf8 14. h4 Ng6 15. g5 Nd7 16. Qg4 Ndf8 17. 0-0-0 Qc8 18. Qxc8 Bxc8 19. Rdg1 Nf4 20. Kd2 Ba6 21. a4 Bb7 22. a5 Nd7 23. Rh2 Bf8 24. Ra1 g6 25. axb6 Nxb6 26. Rxa7 Nc4+ 27. Kc1 Nxe3 28. fxe3 Nh5 29. Ra4 h6 30. Rg2 hxg5 31. hxg5 Rf3 32. Kd2 Ng3 33. Ra1 Bc8 34. Rag1 Nf1+ 35. Ke2 Rf7 36. b4 Bh3 37. Rf2 Rc7 38. Kd3 Nxe3 39. Nb5 Rb7 40. c4 Ng4 41. Rf3 Rf7 42. Ke2 Rh7 43. Rgg3 Nh2 44. Rxh3 Nxf3 45. Rxh7 Ng1+ 46. Kf2 Kxh7 47. Kxg1 Be7 48. Kf2 Kg8 49. Kf3 Bxg5 50. Nxd6 Bd2 51. b5 Bb4 52. Nb7 Kf7 53. Nd8+ Ke8 54. Nc6 Bc5 55. Nxe5 g5 56. Nd3 Be7 57. c5 Kd7 58. b6 1-0

[Event "HUN-chT2 Szechenyi 1617"]
[Site "Hungary"]
[Date "2016.11.27"]
[Round "5.6"]
[White "Gutmann, Alois"]
[Black "Geroly, Jozsef"]
[Result "1-0"]
[WhiteElo "2070"]
[BlackElo "1906"]
[PlyCount "41"]
[EventDate "2016.09.25"]
[EventType "team-tourn"]
[EventRounds "11"]
[EventCountry "HUN"]
[SourceTitle "EXT 2021"]
[Source "ChessBase"]
[SourceDate "2020.10.23"]
[SourceVersion "1"]
[SourceVersionDate "2020.10.23"]
[SourceQuality "1"]
[WhiteTeam "Haladas Szombathely III"]
[BlackTeam "Veszprem Ezust Huszar"]
[WhiteTeamCountry "HUN"]
[BlackTeamCountry "HUN"]

1. Nc3 d5 2. e4 dxe4 3. Nxe4 f5 4. Nc3 e5 5. Bc4 Bc5 6. Bxg8 Rxg8 7. Qh5+ Kf8 8. Nf3 c6 9. 0-0 Qd6 10. Ng5 Be6 11. Qxh7 Nd7 12. Qg6 Nf6 13. Na4 Bb6 14. Nxb6 axb6 15. d4 e4 16. Bf4 Qe7 17. Bc7 Ra6 18. Bd8 Qe8 19. Qxe8+ Kxe8 20. Nxe6 Kd7 21. Bxf6 1-0

[Event "HUN-chT2 Szechenyi 1617"]
[Site "Hungary"]
[Date "2016.10.30"]
[Round "3.6"]
[White "Gutmann, Alois"]
[Black "Nagy, Hunor"]
[Result "1/2-1/2"]
[WhiteElo "2070"]
[BlackElo "1968"]
[PlyCount "68"]
[EventDate "2016.09.25"]
[EventType "team-tourn"]
[EventRounds "11"]
[EventCountry "HUN"]
[SourceTitle "EXT 2021"]
[Source "ChessBase"]
[SourceDate "2020.10.23"]
[SourceVersion "1"]
[SourceVersionDate "2020.10.23"]
[SourceQuality "1"]
[WhiteTeam "Haladas Szombathely III"]
[BlackTeam "Gyor Szechenyi"]
[WhiteTeamCountry "HUN"]
[BlackTeamCountry "HUN"]

1. Nc3 e5 2. Nf3 Nc6 3. d4 exd4 4. Nxd4 Bb4 5. Qd3 Bxc3+ 6. bxc3 a6 7. Qg3 Qf6 8. Bg5 Qg6 9. Qe3+ Kf8 10. g3 Nxd4 11. cxd4 Qc6 12. Qf3 Qxf3 13. exf3 d6 14. Bd8 c6 15. Bc7 Ke7 16. Rb1 b5 17. Bd3 Be6 18. a4 Nf6 19. Kd2 Rhc8 20. Ba5 Kd7 21. Rhe1 Ra7 22. h4 g6 23. Rb2 Bd5 24. Be4 Bc4 25. Bd3 Bd5 26. Re3 Re8 27. Ke2 Be6 28. Kf1 Raa8 29. Kg2 Rab8 30. axb5 axb5 31. Re1 Ra8 32. Bd2 Reb8 33. Bg5 Nd5 34. Bd2 Nb6 1/2-1/2

[Event "AUT-ch"]
[Site "St Johann im Pongau"]
[Date "2016.07.31"]
[Round "9"]
[White "Gutmann, Alois"]
[Black "Sadilek, Heinrich"]
[Result "1-0"]
[WhiteElo "2100"]
[BlackElo "2015"]
[PlyCount "101"]
[EventDate "2016.07.23"]
[EventType "swiss"]
[EventRounds "9"]
[EventCountry "AUT"]
[SourceTitle "CBM 173 Extra"]
[Source "ChessBase"]
[SourceDate "2016.08.29"]
[SourceVersion "1"]
[SourceVersionDate "2016.08.29"]
[SourceQuality "1"]

1. Nc3 d5 2. e4 d4 3. Nce2 c5 4. Nf3 Nc6 5. Ng3 e6 6. Bb5 Bd7 7. 0-0 Nge7 8. a4 Ng6 9. Nh5 Qc7 10. d3 Nce5 11. Nxe5 Nxe5 12. Bf4 0-0-0 13. Bg3 f6 14. Qd2 a6 15. Bxd7+ Rxd7 16. Nf4 Qb6 17. a5 Qc6 18. Rfc1 h5 19. Ne2 Nf7 20. f4 e5 21. c3 Kd8 22. b4 dxc3 23. Nxc3 exf4 24. Bxf4 g5 25. Be3 Ne5 26. Nd5 Rxd5 27. exd5 Qxd5 28. Qc3 Bd6 29. Bxc5 Bb8 30. Re1 Re8 31. Rac1 Kd7 32. Re4 Qa2 33. Qc2 Qxc2 34. Rxc2 f5 35. Ree2 f4 36. d4 Ng4 37. Rxe8 Kxe8 38. Re2+ Kd7 39. Re7+ Kc6 40. d5+ Kxd5 41. Rxb7 Be5 42. Ra7 f3 43. gxf3 Nxh2 44. Kg2 g4 45. fxg4 hxg4 46. Rxa6 Nf3 47. Rh6 Ne1+ 48. Kf1 Nd3 49. a6 Bb8 50. Rb6 Nxc5 51. bxc5 1-0

[Event "Steyr Landesliga 1516"]
[Site "Austria"]
[Date "2016.01.23"]
[Round "6.6"]
[White "Gutmann, Alois"]
[Black "Janisch, Robert"]
[Result "1/2-1/2"]
[WhiteElo "2073"]
[BlackElo "2092"]
[PlyCount "38"]
[EventDate "2015.09.26"]
[EventType "team-tourn"]
[EventRounds "11"]
[EventCountry "AUT"]
[SourceTitle "CBM 170 Extra"]
[Source "ChessBase"]
[SourceDate "2016.02.25"]
[SourceVersion "1"]
[SourceVersionDate "2016.02.25"]
[SourceQuality "1"]
[WhiteTeam "Feldbach Kirchberg"]
[BlackTeam "Fuerstenfeld/Hartberg"]
[WhiteTeamCountry "AUT"]
[BlackTeamCountry "AUT"]

1. Nc3 c6 2. e4 d6 3. f4 e5 4. d3 Nf6 5. Be2 Be7 6. Nf3 Nbd7 7. a4 a5 8. fxe5 dxe5 9. Nd2 Nf8 10. Nc4 Ng6 11. Be3 Be6 12. 0-0 Bxc4 13. dxc4 Nd7 14. Qe1 Bc5 15. Bg4 0-0 16. Bxd7 Bxe3+ 17. Qxe3 Qxd7 18. Rad1 Qe6 19. b3 Nf4 1/2-1/2

[Event "Leitersdorf op"]
[Site "Leitersdorf"]
[Date "2016.01.03"]
[Round "2"]
[White "Sulzer, Manfred"]
[Black "Gutmann, Alois"]
[Result "0-1"]
[WhiteElo "1755"]
[BlackElo "2061"]
[PlyCount "94"]
[EventDate "2016.01.02"]
[EventType "swiss"]
[EventRounds "5"]
[EventCountry "AUT"]
[SourceTitle "CBM 170 Extra"]
[Source "ChessBase"]
[SourceDate "2016.02.25"]
[SourceVersion "1"]
[SourceVersionDate "2016.02.25"]
[SourceQuality "1"]

1. e4 e6 2. d4 d5 3. exd5 exd5 4. Bd3 Nc6 5. c3 Bd6 6. Nf3 Bg4 7. h3 Bh5 8. 0-0 Nge7 9. Be3 Qd7 10. Nbd2 Bg6 11. Bxg6 Nxg6 12. Re1 0-0-0 13. c4 f6 14. c5 Bf4 15. Nf1 Rhe8 16. Qd2 Bxe3 17. Rxe3 Rxe3 18. Nxe3 Nf4 19. b4 Ne7 20. a4 Re8 21. b5 Kb8 22. Rb1 Nf5 23. a5 Nxe3 24. fxe3 Nh5 25. b6 a6 26. bxc7+ Qxc7 27. Rb6 Ng3 28. c6 Ne4 29. Qb4 Nd6 30. Qb3 Ka7 31. cxb7 Nxb7 32. Nd2 Nxa5 33. Qa4 Rxe3 34. Rb1 Rc3 35. Qb4 Rc1+ 36. Rxc1 Qxc1+ 37. Kh2 Nc6 38. Qd6 Nxd4 39. Qd7+ Kb6 40. Qd6+ Qc6 41. Qb8+ Kc5 42. Qb2 Qa4 43. Qc3+ Kd6 44. Qc8 Ne6 45. Qb8+ Kd7 46. Qb7+ Nc7 47. Nb3 Qb5 0-1

[Event "HUN-chT2 Szechenyi 1516"]
[Site "Hungary"]
[Date "2015.11.29"]
[Round "5.2"]
[White "Ezsol, Miklos"]
[Black "Gutmann, Alois"]
[Result "1-0"]
[WhiteElo "2380"]
[BlackElo "2050"]
[PlyCount "59"]
[EventDate "2015.09.13"]
[EventType "team-tourn"]
[EventRounds "11"]
[EventCountry "HUN"]
[SourceTitle "CBM 170 Extra"]
[Source "ChessBase"]
[SourceDate "2016.02.25"]
[SourceVersion "1"]
[SourceVersionDate "2016.02.25"]
[SourceQuality "1"]
[WhiteTeam "Gyor Elektromos"]
[BlackTeam "HVSE Infraplan"]
[WhiteTeamCountry "HUN"]
[BlackTeamCountry "HUN"]

1. d4 e6 2. c4 b6 3. e4 Bb7 4. Nc3 Bb4 5. d5 Nf6 6. Bd3 Bxc3+ 7. bxc3 e5 8. f4 Na6 9. fxe5 Nxe4 10. Nf3 Nac5 11. 0-0 0-0 12. Bc2 f5 13. Qd4 Qe7 14. Ba3 d6 15. Bxc5 bxc5 16. Qe3 dxe5 17. Bxe4 fxe4 18. Qxe4 Ba6 19. Nxe5 Rae8 20. Rxf8+ Rxf8 21. Re1 Re8 22. Re3 Qg5 23. h4 Qf6 24. Nd7 Rxe4 25. Nxf6+ gxf6 26. Rxe4 Kf7 27. Kf2 f5 28. Rf4 Kf6 29. Ke3 Ke5 30. g3 1-0

[Event "Steyr Landesliga 1516"]
[Site "Austria"]
[Date "2015.10.10"]
[Round "2.6"]
[White "Brunnsteiner, Mario"]
[Black "Gutmann, Alois"]
[Result "1/2-1/2"]
[WhiteElo "2184"]
[BlackElo "2073"]
[PlyCount "22"]
[EventDate "2015.09.26"]
[EventType "team-tourn"]
[EventRounds "11"]
[EventCountry "AUT"]
[SourceTitle "EXT 2017"]
[Source "ChessBase"]
[SourceDate "2016.10.25"]
[SourceVersion "1"]
[SourceVersionDate "2016.10.25"]
[SourceQuality "1"]
[WhiteTeam "Leoben"]
[BlackTeam "Feldbach Kirchberg"]
[WhiteTeamCountry "AUT"]
[BlackTeamCountry "AUT"]

1. Nf3 e6 2. c4 f5 3. g3 b6 4. Bg2 Bb7 5. 0-0 Nf6 6. b3 Be7 7. Bb2 0-0 8. d3 c5 9. Nbd2 Qc7 10. Rc1 Nc6 11. d4 cxd4 1/2-1/2